Una familia mexicana : (Record no. 86743)

MARC details
000 -LEADER
fixed length control field 00639cam a2200181 a 4500
008 - FIXED-LENGTH DATA ELEMENTS--GENERAL INFORMATION
fixed length control field 030807s2002 mx 000 0dspa u
020 ## - INTERNATIONAL STANDARD BOOK NUMBER
International Standard Book Number 970661186X
050 #0 - LIBRARY OF CONGRESS CALL NUMBER
Classification number F1301 .6
Item number M45 2002
100 1# - MAIN ENTRY--PERSONAL NAME
Personal name Mendieta Zerón, Hugo
245 14 - TITLE STATEMENT
Title Una familia mexicana :
Remainder of title historia de 7 generaciones del final del virreinato a las postrimerías del siglo XX /
Statement of responsibility, etc Hugo Mendieta Zerón.
260 ## - PUBLICATION, DISTRIBUTION, ETC. (IMPRINT)
Place of publication, distribution, etc México :
Name of publisher, distributor, etc Libros para Todos,
Date of publication, distribution, etc 2002.
300 ## - PHYSICAL DESCRIPTION
Extent 287 p. ;
Dimensions 21 cm.
440 #0 - SERIES STATEMENT/ADDED ENTRY--TITLE
Title Novela y cuento
600 34 - SUBJECT ADDED ENTRY--PERSONAL NAME
Personal name Mendieta, Familia
General subdivision Historia
651 #4 - SUBJECT ADDED ENTRY--GEOGRAPHIC NAME
Geographic name Mimiapan, México (Estado)
General subdivision Historia
-- Biografía
942 ## - ADDED ENTRY ELEMENTS (KOHA)
Source of classification or shelving scheme Biblioteca del Cogreso de los Estados Unidos
Koha item type Libro
Holdings
Estado de pérdida Fuente de clasificación Estado del daño No para préstamo Ubicación permanente Ubicación actual Apartado o colección Fecha de adquisición Edición Dependencia de educación superior (DES) Área del conocimiento Clasificación Código de Barras Date last seen Número de copia Tipo de recurso
  Biblioteca del Cogreso de los Estados Unidos     Biblioteca del Instituto de Investigaciones Históricas Biblioteca del Instituto de Investigaciones Históricas General 03/05/2018 1a ed. Humanidades Ciencias Sociales y Administrativas F1301 .6 M45 2002 IIH000021036 03/05/2018 C:1 Libro